[Event "MMM 2014, Krakow B"]
[Site "Krakow, Hotel Europejski"]
[Date "2014.04.27"]
[Round "1.1"]
[White "Lenda, Lukasz"]
[Black "Przybycien, Michal"]
[Result "1-0"]
[WhiteElo "1817"]
[BlackElo "1565"]
[PlyCount "95"]
[EventDate "2014.??.??"]

1. b4 d5 2. Bb2 Nf6 3. e3 Bg4 4. Nf3 Nbd7 5. d4 e6 6. a3 a5 7. b5 c5 8. c4 Nb6
9. Nbd2 Rc8 10. Rc1 cxd4 11. exd4 Bxf3 12. Qxf3 dxc4 13. Nxc4 Nbd5 14. Bd3 Be7
15. O-O O-O 16. g4 Ne8 17. Qe4 Ndf6 18. Qe2 Nd6 19. Ne5 Nd5 20. f4 Rxc1 21.
Bxc1 Nc3 22. Qb2 Ndxb5 23. Bxb5 Qxd4+ 24. Rf2 Bh4 25. Bf1 Rc8 26. Nd3 Qa7 27.
Qc2 Rc6 28. Qd2 Ne4 29. Qe3 Bxf2+ 30. Nxf2 Qxe3 31. Bxe3 Nxf2 32. Bxf2 Rc3 33.
a4 Rf3 34. Bg3 Kf8 35. Be2 Ra3 36. Bb5 f5 37. g5 Ra1+ 38. Kf2 Rd1 39. Ke2 Rd6
40. Be1 b6 41. Bc3 Rd8 42. h4 g6 43. Bd3 Kf7 44. Ke3 Rc8 45. Bd4 Rb8 46. Bb5
Ke7 47. Bd3 Kd6 48. Be5+ 1-0

[Event "MMM 2014, Krakow B"]
[Site "Krakow, Hotel Europejski"]
[Date "2014.04.27"]
[Round "1.2"]
[White "Gawor, Jan Pawel"]
[Black "Kepowicz, Artur"]
[Result "0-1"]
[WhiteElo "1542"]
[BlackElo "1775"]
[PlyCount "94"]
[EventDate "2014.??.??"]

1. e4 c5 2. Nf3 Nc6 3. d4 cxd4 4. Nxd4 Nf6 5. Nc3 d6 6. Be3 g6 7. f3 Bg7 8. Bc4
a6 9. Qd2 Bd7 10. O-O-O Rc8 11. Bb3 b5 12. h4 h5 13. Bg5 Qc7 14. Qe3 b4 15. Na4
Na5 16. Qd3 Nxb3+ 17. axb3 Qa5 18. Kd2 Nh7 19. Be3 O-O 20. Ra1 Qc7 21. Rhc1 e5
22. Ne2 Bb5 23. Bb6 Bxd3 24. Bxc7 Bxe2 25. Bxd6 Rfd8 26. Kxe2 Rxd6 27. c3 Bh6
28. Rc2 Nf8 29. g4 hxg4 30. fxg4 Bf4 31. h5 Ne6 32. Kf1 Nd4 33. Rf2 Nxb3 34.
Ra2 Nd2+ 35. Kg2 b3 36. Ra1 Rd3 37. Nb6 Rc6 38. Rxa6 gxh5 39. gxh5 Kg7 40. Kh1
Rh3+ 41. Kg1 Be3 42. h6+ Kh7 43. Kg2 Rg6+ 44. Kxh3 Bxf2 45. Ra7 Rg3+ 46. Kh4
Nf3+ 47. Kh5 Rg5# 0-1

[Event "MMM 2014, Krakow B"]
[Site "Krakow, Hotel Europejski"]
[Date "2014.04.27"]
[Round "1.3"]
[White "Tracz, Marcelina"]
[Black "Golenia, Jan"]
[Result "1-0"]
[WhiteElo "1769"]
[BlackElo "1534"]
[PlyCount "133"]
[EventDate "2014.??.??"]

1. e4 c5 2. Nf3 d6 3. d4 cxd4 4. Nxd4 Nf6 5. Nc3 a6 6. a4 e6 7. Be2 Bd7 8. f4
Nc6 9. Nb3 b6 10. O-O Be7 11. Qe1 O-O 12. Be3 Qc7 13. Qf2 Rfb8 14. Bf3 e5 15.
f5 Nb4 16. g4 h6 17. g5 hxg5 18. Bxg5 Bc6 19. Qg2 Nh7 20. Bh6 Bf8 21. Kh1 f6
22. Bh5 Be8 23. Bg6 gxh6 24. Bxe8+ Bg7 25. Bh5 Ra7 26. Rad1 Rd8 27. Nc1 Qc5 28.
Nd3 Nxd3 29. Rxd3 Qb4 30. b3 Rad7 31. Nd5 Qa3 32. Nxb6 Rc7 33. Rg1 Qc5 34. Nd5
Rcd7 35. Rg3 Qa7 36. Qd2 Kh8 37. Bg6 Ng5 38. Qg2 Qd4 39. Rg4 Rc8 40. h4 Nxe4
41. Qxe4 Qf2 42. Qg2 Qa7 43. Be8 Rxe8 44. Nxf6 Qxg1+ 45. Qxg1 Bxf6 46. Rg6 Bg7
47. f6 Bxf6 48. Rxf6 Rg7 49. Rxh6+ Rh7 50. Qg6 Ree7 51. Qxd6 Reg7 52. Rxh7+
Kxh7 53. Qxe5 Kh6 54. Qxg7+ Kxg7 55. c4 Kh6 56. c5 Kh5 57. c6 Kxh4 58. c7 Kg4
59. c8=Q+ Kf4 60. Qe6 a5 61. Kg2 Kg5 62. Kg3 Kh5 63. Qg4+ Kh6 64. Kf4 Kh7 65.
Kf5 Kh8 66. Kf6 Kh7 67. Qg7# 1-0

[Event "MMM 2014, Krakow B"]
[Site "Krakow, Hotel Europejski"]
[Date "2014.04.27"]
[Round "1.4"]
[White "Chowaniec, Artur"]
[Black "Madej, Roman"]
[Result "0-1"]
[WhiteElo "1513"]
[BlackElo "1737"]
[PlyCount "104"]
[EventDate "2014.??.??"]

1. e4 c5 2. Nf3 d6 3. d4 cxd4 4. Nxd4 Nf6 5. Nc3 a6 6. Be3 e5 7. Nb3 Be6 8. f3
Be7 9. Qd2 Nbd7 10. O-O-O Qc7 11. Kb1 b5 12. g4 b4 13. Nd5 Bxd5 14. exd5 a5 15.
h4 e4 16. g5 Nh5 17. fxe4 Ng3 18. Rg1 Nxe4 19. Qd4 a4 20. Nc1 Ndc5 21. Qxg7 Rf8
22. Bb5+ Kd8 23. Bc6 Ra5 24. Bxc5 Nxc5 25. Qxh7 Qb6 26. Nd3 b3 27. Nxc5 bxa2+
28. Kxa2 Qxc5 29. Qf5 Qxc6 30. dxc6 Rxf5 31. Rd4 Rc5 32. c3 Rxc6 33. Rxa4 Kd7
34. Rf1 f6 35. g6 Rg8 36. h5 Rc5 37. Rh1 Rg5 38. Ra7+ Ke6 39. Ra4 f5 40. Re1+
Kf6 41. Rh4 Rh8 42. Reh1 Kg7 43. R4h2 Bf6 44. Kb3 Be5 45. Rh3 Kh6 46. Kc4 Rb8
47. b4 Rc8+ 48. Kb3 f4 49. c4 Rg2 50. Rb1 Rg3+ 51. Rxg3 fxg3 52. b5 Bd4 0-1

[Event "MMM 2014, Krakow B"]
[Site "Krakow, Hotel Europejski"]
[Date "2014.04.27"]
[Round "1.5"]
[White "Kowalewski, Wladyslaw"]
[Black "Marszalek, Jakub"]
[Result "1-0"]
[WhiteElo "1732"]
[BlackElo "1480"]
[PlyCount "59"]
[EventDate "2014.??.??"]

1. e4 Nc6 2. d4 e5 3. dxe5 Nxe5 4. f4 Ng6 5. Nf3 d6 6. Bc4 Be7 7. O-O c6 8. Nc3
Nf6 9. b3 O-O 10. Bb2 b5 11. Bd3 Ng4 12. Qd2 b4 13. Ne2 Qb6+ 14. Kh1 Nf2+ 15.
Rxf2 Qxf2 16. Bd4 Bf6 17. e5 dxe5 18. Bxf2 exf4 19. Rf1 a5 20. Bxg6 hxg6 21.
Qxf4 Bf5 22. Nfd4 Bd7 23. Bh4 Bxh4 24. Qxh4 Rae8 25. Ng3 c5 26. Nf3 f6 27. h3
Re3 28. Qc4+ Kh7 29. Ng5+ Kh8 30. Qh4+ 1-0

[Event "MMM 2014, Krakow B"]
[Site "Krakow, Hotel Europejski"]
[Date "2014.04.28"]
[Round "2.1"]
[White "Stanuch, Marcin"]
[Black "Lenda, Lukasz"]
[Result "1/2-1/2"]
[WhiteElo "1605"]
[BlackElo "1817"]
[PlyCount "57"]
[EventDate "2014.??.??"]

1. e4 c5 2. Nf3 d6 3. d4 cxd4 4. Nxd4 Nf6 5. Nc3 a6 6. Bg5 e6 7. f4 Be7 8. Qf3
Qc7 9. O-O-O Nc6 10. Be2 Nxd4 11. Rxd4 b5 12. e5 Bb7 13. Qg3 dxe5 14. fxe5 Bc5
15. Rdd1 Ne4 16. Nxe4 Bxe4 17. Bd3 Bd5 18. a3 b4 19. axb4 Bxb4 20. Bd2 Bxd2+
21. Kxd2 O-O 22. Ra1 Rfd8 23. Ra3 Qb6 24. Kc1 Rab8 25. b3 a5 26. Rf1 Rdc8 27.
Kb1 g6 28. Qf2 Qb7 29. Ba6 1/2-1/2

[Event "MMM 2014, Krakow B"]
[Site "Krakow, Hotel Europejski"]
[Date "2014.04.28"]
[Round "2.2"]
[White "Kepowicz, Artur"]
[Black "Leczek, Kornel"]
[Result "1-0"]
[WhiteElo "1775"]
[BlackElo "1590"]
[PlyCount "103"]
[EventDate "2014.??.??"]

1. e4 c5 2. Nf3 d6 3. d4 cxd4 4. Nxd4 Nf6 5. Nc3 a6 6. Be2 e5 7. Nb3 Be6 8. O-O
Be7 9. f4 O-O 10. f5 Bxb3 11. axb3 Nc6 12. Be3 b5 13. Bf3 Qc7 14. g4 b4 15. Nd5
Nxd5 16. Qxd5 Kh8 17. Rf2 a5 18. Rg2 Nd4 19. Bxd4 exd4 20. g5 Qc5 21. Qxc5 dxc5
22. e5 Ra6 23. Bd5 f6 24. exf6 gxf6 25. Re1 Ra7 26. g6 Bd6 27. Re6 Be5 28. h4
h6 29. Ra6 Rd7 30. Be6 Rc7 31. Rxa5 Kg7 32. Kf1 Rd8 33. Ke2 Rc6 34. Ra7+ Rc7
35. Rxc7+ Bxc7 36. Kd3 Bd6 37. Kc4 Ra8 38. c3 bxc3 39. bxc3 dxc3 40. Kxc3 Ra7
41. Kc4 Be7 42. Rd2 Kf8 43. h5 Rb7 44. Ra2 Rb4+ 45. Kd5 Rd4+ 46. Kc6 Rd6+ 47.
Kc7 Rd8 48. Bd7 Kg7 49. Re2 Kf8 50. g7+ Kf7 51. Rg2 Rxd7+ 52. Kxd7 1-0

[Event "MMM 2014, Krakow B"]
[Site "Krakow, Hotel Europejski"]
[Date "2014.04.28"]
[Round "2.3"]
[White "Golenia, Wojciech"]
[Black "Tracz, Marcelina"]
[Result "1/2-1/2"]
[WhiteElo "1580"]
[BlackElo "1769"]
[PlyCount "66"]
[EventDate "2014.??.??"]

1. Nf3 Nf6 2. d4 g6 3. Bf4 Bg7 4. Nbd2 d6 5. c3 O-O 6. e4 Nh5 7. Bg3 Nd7 8. Bc4
Nxg3 9. hxg3 e6 10. Qb3 Qe7 11. O-O-O c5 12. Rh2 a6 13. Rdh1 h6 14. dxc5 Nxc5
15. Qb6 Qd8 16. Qxd8 Rxd8 17. Kc2 b5 18. Bb3 Bb7 19. Re1 Rac8 20. a3 d5 21. e5
Nd7 22. Kb1 Rc5 23. Bc2 Rdc8 24. Nb3 R5c7 25. Rh4 Bf8 26. Nfd4 Nc5 27. Na5 Ba8
28. Ka2 Kg7 29. Reh1 Kg8 30. f3 Re8 31. g4 Bg7 32. Re1 g5 33. Rh5 Nd7 1/2-1/2

[Event "MMM 2014, Krakow B"]
[Site "Krakow, Hotel Europejski"]
[Date "2014.04.28"]
[Round "2.4"]
[White "Madej, Roman"]
[Black "Berek, Michal"]
[Result "1/2-1/2"]
[WhiteElo "1737"]
[BlackElo "1569"]
[PlyCount "60"]
[EventDate "2014.??.??"]

1. e4 e5 2. Nf3 Nf6 3. Nc3 Nc6 4. Bc4 Bc5 5. O-O O-O 6. d3 h6 7. h3 d6 8. Na4
Bb6 9. Nxb6 axb6 10. c3 Na5 11. Bb5 c6 12. Ba4 b5 13. Bc2 c5 14. d4 Nc6 15. Be3
b6 16. dxe5 Nxe5 17. Nd2 Bb7 18. f4 Ned7 19. Qe2 Bc6 20. a3 Re8 21. Bf2 Nxe4
22. Nxe4 d5 23. Rad1 dxe4 24. Rd6 Qc7 25. Rfd1 Nf6 26. Bh4 Nh7 27. Qg4 Qc8 28.
Qg3 Kh8 29. f5 f6 30. Qg6 Ra7 1/2-1/2

[Event "MMM 2014, Krakow B"]
[Site "Krakow, Hotel Europejski"]
[Date "2014.04.28"]
[Round "2.5"]
[White "Lewczuk, Antoni"]
[Black "Kowalewski, Wladyslaw"]
[Result "1-0"]
[WhiteElo "1573"]
[BlackElo "1732"]
[PlyCount "75"]
[EventDate "2014.??.??"]

1. c4 c5 2. b3 Nf6 3. Bb2 e6 4. g3 Be7 5. Bg2 O-O 6. e3 d5 7. Ne2 Nc6 8. d4
cxd4 9. exd4 Bb4+ 10. Bc3 Bxc3+ 11. Nbxc3 dxc4 12. bxc4 Bd7 13. O-O Na5 14. Qd3
Rc8 15. c5 Bc6 16. Rfd1 Bxg2 17. Kxg2 b6 18. cxb6 axb6 19. Ne4 Qd5 20. f3 Nxe4
21. fxe4 Qg5 22. h4 Qh6 23. Rac1 Nc6 24. Qa6 Ra8 25. Qc4 Ne7 26. Qb3 f5 27. Nf4
fxe4 28. Nxe6 Kh8 29. Nxf8 Rxf8 30. Rf1 Nf5 31. Rxf5 Qd2+ 32. Kh3 Ra8 33. Rcf1
h6 34. Rf8+ Rxf8 35. Rxf8+ Kh7 36. Qg8+ Kg6 37. Qe6+ Kh7 38. Qf5+ 1-0

[Event "MMM 2014, Krakow B"]
[Site "Krakow, Hotel Europejski"]
[Date "2014.04.29"]
[Round "3.1"]
[White "Czarkowski, Tomasz"]
[Black "Kepowicz, Artur"]
[Result "0-1"]
[WhiteElo "1645"]
[BlackElo "1775"]
[PlyCount "92"]
[EventDate "2014.??.??"]

1. d4 d5 2. c4 c6 3. e3 Nf6 4. Nc3 e6 5. Bd2 Bd6 6. Nf3 O-O 7. a3 Nbd7 8. Qc2
Re8 9. cxd5 exd5 10. Bd3 Nf8 11. O-O Bg4 12. Ne1 Qc7 13. h3 Bh5 14. f4 Re7 15.
g4 Bxg4 16. hxg4 Nxg4 17. Rf3 Rae8 18. Ng2 Nf6 19. Nh4 g6 20. Rg3 Kh8 21. Kf2
Nh5 22. Rg4 Nf6 23. Rg2 Qd8 24. Rh1 Ne4+ 25. Nxe4 dxe4 26. Bc4 Bxf4 27. exf4
e3+ 28. Kf1 exd2 29. Qxd2 Re1+ 30. Qxe1 Rxe1+ 31. Kxe1 Qxd4 32. Bxf7 Qxf4 33.
Bxg6 Qc1+ 34. Ke2 Qxh1 35. Bf7 Ng6 36. Bxg6 Qxh4 37. Bd3 Qd4 38. b3 Qb2+ 39.
Kf3 Qxb3 40. Ke3 Qxa3 41. Rg4 c5 42. Ke4 Qa4+ 43. Kf3 Qa3 44. Ke4 Qc3 45. Ke3
b5 46. Rh4 Qe1+ 0-1

[Event "MMM 2014, Krakow B"]
[Site "Krakow, Hotel Europejski"]
[Date "2014.04.29"]
[Round "3.2"]
[White "Fukowski, Pawel"]
[Black "Lewczuk, Antoni"]
[Result "1-0"]
[WhiteElo "1712"]
[BlackElo "1573"]
[PlyCount "61"]
[EventDate "2014.??.??"]

1. g3 b6 2. Bg2 Nc6 3. d4 Bb7 4. c4 e6 5. Nf3 Bb4+ 6. Bd2 Nxd4 7. Bxb4 c5 8.
Bc3 e5 9. e3 e4 10. Nxd4 cxd4 11. Qxd4 Nf6 12. Qe5+ Qe7 13. Qxe7+ Kxe7 14.
Bxf6+ Kxf6 15. Nc3 Rhe8 16. Rd1 Rad8 17. Rd4 Kf5 18. O-O h5 19. Rfd1 Re7 20.
Bh3+ Kg6 21. Rxd7 Rexd7 22. Rxd7 Rb8 23. Rd6+ Kg5 24. Bd7 f5 25. h4+ Kg4 26.
Ba4 Kh3 27. Ne2 g5 28. hxg5 h4 29. Nf4+ Kg4 30. Bd1+ Kxg5 31. Rg6# 1-0

[Event "MMM 2014, Krakow B"]
[Site "Krakow, Hotel Europejski"]
[Date "2014.04.29"]
[Round "3.3"]
[White "Singh, Abhiraj"]
[Black "Kolodziej, Krzysztof"]
[Result "1/2-1/2"]
[WhiteElo "1439"]
[BlackElo "1702"]
[PlyCount "85"]
[EventDate "2014.??.??"]

1. e4 Nc6 2. d4 e6 3. Nf3 b6 4. a3 Bb7 5. Nc3 d5 6. e5 Be7 7. Bb5 a6 8. Be2 f6
9. exf6 Nxf6 10. Bf4 Qd7 11. Ne5 Nxe5 12. dxe5 Ng8 13. Bf3 O-O-O 14. Qd2 h5 15.
O-O-O Nh6 16. Bxh5 d4 17. Ne2 c5 18. Rhg1 Qa4 19. Bg5 Nf5 20. Bxe7 Nxe7 21. Bg4
Nf5 22. h3 Qc4 23. b3 Qb5 24. a4 Qe8 25. Qd3 Rf8 26. Bf3 Bxf3 27. Qxf3 Kc7 28.
Qd3 Kb7 29. Ng3 Ne7 30. Ne4 Qh5 31. Nd6+ Ka7 32. Qg3 Qh6+ 33. Kb2 Rf4 34. Rgf1
Nd5 35. Rde1 Nc3 36. f3 Rff8 37. Ne4 Nd5 38. Qg5 Qh7 39. Rf2 Rd7 40. Rd2 Rf5
41. Qg3 Qh6 42. Rd3 Nb4 43. Rdd1 1/2-1/2

[Event "MMM 2014, Krakow B"]
[Site "Krakow, Hotel Europejski"]
[Date "2014.04.29"]
[Round "3.5"]
[White "Lenda, Lukasz"]
[Black "Golenia, Wojciech"]
[Result "1/2-1/2"]
[WhiteElo "1817"]
[BlackElo "1580"]
[PlyCount "98"]
[EventDate "2014.??.??"]

1. b4 e6 2. Bb2 Nf6 3. a3 c5 4. bxc5 Bxc5 5. d4 Qb6 6. Bc3 Be7 7. e3 O-O 8. Bd3
d5 9. Nd2 Bd7 10. Ngf3 Rc8 11. Rb1 Qc7 12. Bb2 Ba4 13. Rc1 Nbd7 14. O-O b5 15.
Qe2 Qb6 16. c3 a6 17. e4 dxe4 18. Nxe4 Nd5 19. g3 Nf8 20. Ne5 f6 21. Nf3 Qa5
22. c4 bxc4 23. Bxc4 Bb5 24. Bxb5 Qxb5 25. Qd2 Qb3 26. Kg2 Bxa3 27. Bxa3 Qxa3
28. Nc5 Qb4 29. Qd3 Ng6 30. Qe4 Re8 31. Nxe6 Qd6 32. Rc5 Rad8 33. Rfc1 Rxe6 34.
Qb1 Nge7 35. Qa2 Kf8 36. Qa5 Qb6 37. Qa3 Qb7 38. Qa4 Re2 39. Qa5 Re8 40. Kg1
Nf4 41. d5 Nfxd5 42. Nd4 Re4 43. Qd2 Qb4 44. Qxb4 Nxb4 45. R5c4 Nd3 46. R1c3
Ne5 47. Ne6+ Kf7 48. Rxe4 Kxe6 49. f4 Kf5 1/2-1/2

[Event "MMM 2014, Krakow B"]
[Site "Krakow, Hotel Europejski"]
[Date "2014.04.30"]
[Round "4.2"]
[White "Kepowicz, Artur"]
[Black "Singh, Abhiraj"]
[Result "1/2-1/2"]
[WhiteElo "1775"]
[BlackElo "1439"]
[PlyCount "112"]
[EventDate "2014.??.??"]

1. e4 e5 2. Nf3 Nc6 3. Bb5 Nf6 4. O-O Bc5 5. Bxc6 dxc6 6. Nxe5 Nxe4 7. Qf3 Ng5
8. Qe2 O-O 9. c3 Re8 10. d4 Bd6 11. f4 f6 12. fxg5 fxe5 13. Nd2 exd4 14. Qc4+
Be6 15. Qxd4 Qxg5 16. Ne4 Qe5 17. Qxe5 Bxe5 18. Bf4 Bc4 19. Rf2 Bxf4 20. Rxf4
Bd5 21. Ng3 Rf8 22. Rd4 Rae8 23. c4 Bf7 24. b3 Bg6 25. Rd7 Rf7 26. Rxf7 Kxf7
27. Rd1 Re7 28. Kf2 Ke8 29. Rd2 Rd7 30. Ke3 Rxd2 31. Kxd2 Ke7 32. Ne2 Be4 33.
g3 a6 34. Ke3 Bg6 35. Kd4 Kd6 36. c5+ Ke7 37. b4 b6 38. a3 Kf6 39. Nf4 Bf7 40.
Nd3 Kf5 41. h3 h5 42. Ne5 Be8 43. Nc4 b5 44. Ne3+ Kf6 45. Ke4 g5 46. h4 Bf7 47.
Ng2 Be6 48. Ne3 Bh3 49. Nd1 Bg2+ 50. Kd4 Bd5 51. Ne3 Bf3 52. hxg5+ Kxg5 53. Ke5
Bg4 54. Ke4 Bd7 55. Kf3 Be6 56. Ke4 Bd7 1/2-1/2

[Event "MMM 2014, Krakow B"]
[Site "Krakow, Hotel Europejski"]
[Date "2014.04.30"]
[Round "4.3"]
[White "Kolodziej, Krzysztof"]
[Black "Tracz, Marcelina"]
[Result "1/2-1/2"]
[WhiteElo "1702"]
[BlackElo "1769"]
[PlyCount "118"]
[EventDate "2014.??.??"]

1. e4 e5 2. f4 d5 3. exd5 exf4 4. Nf3 Nf6 5. Bb5+ Bd7 6. Bxd7+ Nbxd7 7. O-O Be7
8. c4 O-O 9. d4 Nb6 10. b3 c5 11. dxc6 bxc6 12. Bxf4 Ne4 13. Qd3 Ng5 14. Ne5
Rc8 15. Nd2 Ne6 16. Be3 Nd7 17. Ndf3 Nxe5 18. Nxe5 Bf6 19. Nf3 Qa5 20. Rad1
Rfd8 21. Qe2 Rd7 22. Rd2 Rcd8 23. Rfd1 h6 24. Qf2 a6 25. Qg3 Kh7 26. Qg4 Qc3
27. Qe4+ Kg8 28. Rd3 Nc5 29. Rxc3 Nxe4 30. Rc2 g5 31. g4 Kg7 32. Kg2 Kg6 33. d5
cxd5 34. cxd5 Rxd5 35. Rxd5 Rxd5 36. Rc6 Rd6 37. Rxd6 Nxd6 38. Bd4 Nb5 39. Bxf6
Kxf6 40. a4 Nc7 41. Kf2 Ke6 42. Ke3 f5 43. Nd4+ Ke5 44. Nxf5 h5 45. h3 hxg4 46.
hxg4 Ne6 47. b4 Kd5 48. Kd3 Nf4+ 49. Kc3 Ne2+ 50. Kd2 Nf4 51. Kc3 Ne2+ 52. Kb3
Nc1+ 53. Kc2 Na2 54. Kb3 Nc1+ 55. Ka3 Nd3 56. a5 Nf2 57. Nh6 Kc4 58. Nf7 Nxg4
59. Nxg5 Ne3 1/2-1/2

[Event "MMM 2014, Krakow B"]
[Site "Krakow, Hotel Europejski"]
[Date "2014.04.30"]
[Round "4.4"]
[White "Lewczuk, Antoni"]
[Black "Lenda, Lukasz"]
[Result "1/2-1/2"]
[WhiteElo "1573"]
[BlackElo "1817"]
[PlyCount "135"]
[EventDate "2014.??.??"]

1. c4 Nf6 2. b3 g6 3. Bb2 Bg7 4. g3 d6 5. Bg2 e5 6. e3 O-O 7. Ne2 Nc6 8. O-O
Bf5 9. d4 Nb4 10. Na3 Nd3 11. Bc3 e4 12. Nc1 Nxc1 13. Qxc1 Qd7 14. Nb1 Bg4 15.
Nd2 Qf5 16. f4 c6 17. Rf2 d5 18. Qc2 Qh5 19. Qc1 Bh3 20. Bxh3 Qxh3 21. Qf1
Qxf1+ 22. Nxf1 Ng4 23. Rc2 Rfd8 24. Bb4 a5 25. Ba3 a4 26. b4 dxc4 27. Rxc4 b5
28. Rxc6 Rxd4 29. Re1 Rd3 30. Bc1 Bc3 31. Re2 a3 32. h3 Nh6 33. Bd2 Bb2 34. g4
f5 35. g5 Nf7 36. Bc1 Bc3 37. Bd2 Bg7 38. Kf2 Nd6 39. Bc1 Ra4 40. Nd2 Bc3 41.
Nb3 Bxb4 42. Nd4 Rc3 43. Rc2 Rxc2+ 44. Nxc2 Nc4 45. Rc8+ Bf8 46. Nd4 Nd6 47.
Rb8 Kf7 48. Nxb5 Nxb5 49. Rxb5 Rc4 50. Rb1 Rc2+ 51. Kg3 Rxa2 52. Rb7+ Be7 53.
Ra7 Ke6 54. h4 Ra1 55. Bd2 Rd1 56. Bc3 Rd3 57. Bd4 Rd2 58. Kh3 a2 59. Kg3 Bd6
60. Ra6 Kd5 61. Bc3 Rc2 62. Bd4 Bc5 63. Ra5 Kc6 64. Bxc5 Rxc5 65. Rxa2 Kd6 66.
Rd2+ Rd5 67. Rc2 Rc5 68. Rd2+ 1/2-1/2

[Event "MMM 2014, Krakow B"]
[Site "Krakow, Hotel Europejski"]
[Date "2014.04.30"]
[Round "4.5"]
[White "Dobrzanska, Joanna"]
[Black "Kowalewski, Wladyslaw"]
[Result "1/2-1/2"]
[WhiteElo "1568"]
[BlackElo "1732"]
[PlyCount "77"]
[EventDate "2014.??.??"]

1. e4 d5 2. exd5 Nf6 3. d4 Nxd5 4. Be2 e6 5. Nf3 Be7 6. O-O O-O 7. Be3 Nxe3 8.
fxe3 c5 9. c3 Nc6 10. Nbd2 b6 11. Nc4 Bb7 12. Nce5 Nxe5 13. Nxe5 Bg5 14. Qd3 a5
15. Rf2 cxd4 16. exd4 f5 17. Kh1 Rf6 18. Bf3 Be4 19. Qe2 Bxf3 20. Nxf3 Bf4 21.
g3 Bc7 22. Ne5 Rh6 23. Kg1 Rc8 24. Re1 Qg5 25. Qf3 Qd8 26. Rfe2 b5 27. Nd3 b4
28. Rxe6 Rxe6 29. Rxe6 bxc3 30. bxc3 Bb6 31. Ne5 Rxc3 32. Re8+ Qxe8 33. Qxc3
Qxe5 34. Qb3+ Kf8 35. Qxb6 Qe1+ 36. Kg2 Qe2+ 37. Kh3 Qxa2 38. Qc5+ Ke8 39. Qe5+
1/2-1/2

[Event "MMM 2014, Krakow B"]
[Site "Krakow, Hotel Europejski"]
[Date "2014.05.01"]
[Round "5.1"]
[White "Fukowski, Pawel"]
[Black "Kepowicz, Artur"]
[Result "0-1"]
[WhiteElo "1712"]
[BlackElo "1775"]
[PlyCount "89"]
[EventDate "2014.??.??"]

1. d4 d5 2. Nf3 Nf6 3. g3 e6 4. Bg2 Nbd7 5. O-O Bd6 6. c4 c6 7. Nc3 O-O 8. e4
Nxe4 9. Nxe4 dxe4 10. Ng5 Be7 11. Nxe4 Nf6 12. Nc3 Bd6 13. f4 Qc7 14. Be3 Rd8
15. Qf3 a6 16. c5 Bf8 17. g4 g6 18. h3 Bg7 19. Bf2 h5 20. b4 hxg4 21. hxg4 Nd5
22. Nxd5 Rxd5 23. Qc3 Qxf4 24. Bxd5 exd5 25. Kg2 Bxg4 26. Rae1 Bf5 27. Rg1 Bf6
28. Qe3 Be4+ 29. Kf1 Qf5 30. Ke2 a5 31. b5 Re8 32. Kd2 Re7 33. Qg3 Bg5+ 34. Kc3
Bf6 35. b6 Kg7 36. Rgf1 Qh5 37. Be3 Bh4 38. Qd6 Bxe1+ 39. Rxe1 Re6 40. Qb8 Bf5
41. Kd2 Re4 42. Qxb7 Rg4 43. Re2 Qh3 44. Qc7 Rg2 45. Qe5+ 0-1

[Event "MMM 2014, Krakow B"]
[Site "Krakow, Hotel Europejski"]
[Date "2014.05.01"]
[Round "5.2"]
[White "Tracz, Marcelina"]
[Black "Stanuch, Marcin"]
[Result "1/2-1/2"]
[WhiteElo "1769"]
[BlackElo "1605"]
[PlyCount "96"]
[EventDate "2014.??.??"]

1. e4 c5 2. Nf3 d6 3. d4 cxd4 4. Nxd4 Nf6 5. Nc3 a6 6. a4 e5 7. Nb3 Be7 8. Be2
Be6 9. O-O Qc7 10. Be3 Nbd7 11. a5 Rc8 12. Bf3 O-O 13. Qd2 Rfe8 14. Rfc1 Nc5
15. Nxc5 dxc5 16. Qe2 h6 17. g3 Rcd8 18. Bg2 Bd6 19. Rd1 Qc8 20. Nd5 Nxd5 21.
exd5 Bg4 22. f3 Bf5 23. c4 Qd7 24. Qf2 Rc8 25. Ra3 Qe7 26. Re1 Qd7 27. Bd2 Qc7
28. Rb3 Qd7 29. Ra3 Qc7 30. Rae3 Qd7 31. Bc3 Rcd8 32. Bxe5 Bxe5 33. Rxe5 Rxe5
34. Rxe5 Bg6 35. Qe2 Qa4 36. Re7 Qb3 37. Bf1 b6 38. Rb7 Rd6 39. Rxb6 Rxb6 40.
axb6 Qxb6 41. Qe8+ Kh7 42. Qc6 Qxc6 43. dxc6 Bf5 44. Kf2 Kg8 45. c7 Bc8 46. Bh3
f5 47. Ke3 Kf7 48. g4 g6 1/2-1/2

[Event "MMM 2014, Krakow B"]
[Site "Krakow, Hotel Europejski"]
[Date "2014.05.01"]
[Round "5.3"]
[White "Czarkowski, Tomasz"]
[Black "Kolodziej, Krzysztof"]
[Result "1-0"]
[WhiteElo "1645"]
[BlackElo "1702"]
[PlyCount "89"]
[EventDate "2014.??.??"]

1. d4 Nf6 2. c4 g6 3. Nc3 Bg7 4. Bf4 d6 5. h3 O-O 6. e3 Nh5 7. Bh2 Nc6 8. Be2
Nf6 9. Nf3 Nd7 10. O-O e5 11. Qd2 f5 12. dxe5 Ncxe5 13. Nxe5 Nxe5 14. Rad1 Bd7
15. c5 Be6 16. cxd6 cxd6 17. Qxd6 Qf6 18. Nd5 Bxd5 19. Qxd5+ Kh8 20. Qxb7 Rab8
21. Qxa7 Rxb2 22. Bxe5 Qxe5 23. Bc4 Qe4 24. Rd7 Qxc4 25. Rxg7 Qh4 26. Rd7 Rbb8
27. Rc1 Ra8 28. Qc7 Qf6 29. Rxh7+ Kg8 30. Rd7 Rf7 31. Rxf7 Qxf7 32. Qxf7+ Kxf7
33. Rc2 Ra3 34. Kh2 Kf6 35. Kg3 Kg5 36. f4+ Kh5 37. Kf3 Kh6 38. g4 Kg7 39. gxf5
gxf5 40. Rg2+ Kf6 41. h4 Ra8 42. h5 Ra7 43. h6 Rh7 44. Rh2 Kg6 45. a4 1-0

[Event "MMM 2014, Krakow B"]
[Site "Krakow, Hotel Europejski"]
[Date "2014.05.01"]
[Round "5.4"]
[White "Singh, Abhiraj"]
[Black "Krzeminski, Sebastian"]
[Result "0-1"]
[WhiteElo "1439"]
[BlackElo "1691"]
[PlyCount "58"]
[EventDate "2014.??.??"]

1. e4 c6 2. d4 d5 3. exd5 cxd5 4. Nc3 e6 5. a3 Nc6 6. Bb5 a6 7. Bxc6+ bxc6 8.
Nf3 Bd6 9. O-O Qc7 10. h3 h6 11. Re1 Ne7 12. Ne5 O-O 13. f4 c5 14. dxc5 Bxc5+
15. Kh1 Bb7 16. Be3 Bxe3 17. Rxe3 d4 18. Rd3 Nf5 19. Ne2 Be4 20. Rd2 Bxg2+ 21.
Kh2 f6 22. Ng6 Rfd8 23. Nxd4 Rxd4 24. Rxd4 Nxd4 25. Kxg2 Rd8 26. c3 Nf5 27. Qe1
Kh7 28. Nh4 Qxf4 29. Nxf5 Rd2+ 0-1

[Event "MMM 2014, Krakow B"]
[Site "Krakow, Hotel Europejski"]
[Date "2014.05.01"]
[Round "5.5"]
[White "Jozwik, Jaroslaw"]
[Black "Golenia, Wojciech"]
[Result "0-1"]
[WhiteElo "1665"]
[BlackElo "1580"]
[PlyCount "102"]
[EventDate "2014.??.??"]

1. e4 e5 2. Nc3 Bb4 3. Nd5 Bc5 4. Qg4 g6 5. d3 c6 6. Nc3 d6 7. Qf3 Be6 8. h3
Nd7 9. Bd2 Qb6 10. Na4 Qc7 11. Nxc5 Nxc5 12. Ne2 O-O-O 13. d4 exd4 14. Nxd4 Ne7
15. Nxe6 fxe6 16. O-O-O Rhf8 17. Qe2 Qb6 18. b3 Rxf2 19. Qc4 d5 20. exd5 exd5
21. Qg4+ Nf5 22. Kb1 Ne4 23. Be1 Qe3 24. Bd3 Rf4 25. Qe2 Qxe2 26. Bxe2 Nfg3 27.
Bxg3 Nxg3 28. Bg4+ Rxg4 29. hxg4 Nxh1 30. Rxh1 Rd7 31. Kc1 Rf7 32. Kd1 Rf2 33.
Rh2 a6 34. a4 Kb8 35. Ke1 Rxc2 36. Kf1 Rc3 37. Kf2 Rxb3 38. Rxh7 Rb4 39. Kf3
Rxa4 40. Rg7 Ra3+ 41. Kf2 Ra2+ 42. Kf3 Ra3+ 43. Kf2 Ra2+ 44. Kf3 a5 45. Rxg6 a4
46. Re6 a3 47. g5 Ra1 48. g6 Rf1+ 49. Ke2 Re1+ 50. Kxe1 a2 51. Re8+ Ka7 0-1

[Event "MMM 2014, Krakow B"]
[Site "Krakow, Hotel Europejski"]
[Date "2014.05.02"]
[Round "6.2"]
[White "Golenia, Wojciech"]
[Black "Fukowski, Pawel"]
[Result "1-0"]
[WhiteElo "1580"]
[BlackElo "1712"]
[PlyCount "75"]
[EventDate "2014.??.??"]

1. e4 e6 2. d4 d5 3. Nd2 Nf6 4. Bd3 c5 5. c3 Nc6 6. Ngf3 Be7 7. O-O O-O 8. dxc5
Bxc5 9. b4 Bb6 10. b5 Na5 11. Ba3 Re8 12. Qc2 h6 13. Rfe1 Bd7 14. exd5 exd5 15.
Rxe8+ Nxe8 16. Ne5 Be6 17. Re1 Qf6 18. Ndf3 g5 19. c4 dxc4 20. Bh7+ Kg7 21. Bb2
c3 22. Bxc3 Rc8 23. Nc6 bxc6 24. Bxf6+ Nxf6 25. Bd3 cxb5 26. Qb2 a6 27. Nd4
Bxd4 28. Qxd4 Nc4 29. Qa7 Rc6 30. h3 Rd6 31. Bxc4 Bxc4 32. a3 Kg6 33. Qc5 Rd3
34. Re3 Rd1+ 35. Kh2 Rd2 36. Rf3 Be6 37. Rxf6+ Kxf6 38. Qc3+ 1-0